Gardens near Prague Castle /

Hlavní autor: Žáček, Jan, 1963-
Další autoři: Vacek, Přemysl, 1979-
Jazyk: Angličtina
Vydáno: Praha : Havlíček Brain Team, 2008
Vydání: 1st ed.
Témata:
Externí odkaz: Digitalizovaný dokument
Fyzický popis: 233 s. : barev. il. ; 31 cm
Knihy
Uloženo v:
LEADER 01943nam a2200541 a 4500
001 nkc20081829783
003 CZ PrNK
005 20161031235007.0
007 ta
008 081111s2008 xr a f 000 0 eng
015 |a cnb001829783 
020 |a 978-80-87109-13-7  |q (váz.) 
035 |a (OCoLC)316299973 
040 |a OLA001  |b cze  |d ABA001 
041 1 |a eng  |h cze 
043 |a e-xr---  |b e-xr-pg  |2 czenas 
072 7 |a 712  |x Plánování krajiny. Parky. Zahrady  |2 Konspekt  |9 24 
080 |a 712.26  |2 MRF 
080 |a 712.253  |2 MRF 
080 |a (437.311)  |2 MRF 
080 |a (048.8)  |2 MRF 
080 |a (084.12)  |2 MRF 
100 1 |a Žáček, Jan,  |d 1963-  |7 xx0001354  |4 aut 
245 1 0 |a Gardens near Prague Castle /  |c Jan Žáček [text] ; Přemysl Vacek [photos] 
250 |a 1st ed. 
260 |a Praha :  |b Havlíček Brain Team,  |c 2008 
300 |a 233 s. :  |b barev. il. ;  |c 31 cm 
500 |a Přeloženo z češtiny 
500 |a Terminologické slovníky 
504 |a Obsahuje bibliografii 
610 2 7 |a Pražský hrad  |7 kn20010710281  |2 czenas 
650 0 7 |a historické parky  |7 ph136992  |z Česko  |2 czenas 
650 0 7 |a historické zahrady  |7 ph120734  |z Česko  |2 czenas 
650 0 9 |a historic parks  |z Czechia  |2 eczenas 
650 0 9 |a historic gardens  |z Czechia  |2 eczenas 
651 7 |a Praha (Česko)  |7 ge118011  |2 czenas 
651 9 |a Prague (Czechia)  |2 eczenas 
655 7 |a monografie  |7 fd132842  |2 czenas 
655 7 |a fotografické publikace  |7 fd132276  |2 czenas 
655 9 |a monographs  |2 eczenas 
655 9 |a photographical works  |2 eczenas 
700 1 |a Vacek, Přemysl,  |d 1979-  |7 mzk2008453251  |4 pht 
856 4 1 |u http://www.digitalniknihovna.cz/mzk/uuid/uuid:2acbfff0-9073-11e6-baa5-005056827e51  |y Digitalizovaný dokument  |x NDK 
910 2 |a BOA001  |b 4-1215.148 
990 |a BK 
995 |a 01 
991 |b 200812  |c NOV 
996 6 |b 2610360938  |c 4-1215.148  |l MZK  |r Sklad / do 1 hodiny  |n 1  |p p.v.  |w 000922331  |u 000010  |a 1  |e BOA001  |j MZK50  |s P